[Event "Manitoba op"]
[Site "Winnipeg CAN"]
[Date "1999.05.22"]
[Round "2"]
[White "Repa, Jason"]
[Black "Nikouline, Alexandre"]
[Result "0-1"]
[WhiteElo "1935"]
[BlackElo "2107"]
[PlyCount "71"]
[GameId "2160767911808973"]
[EventDate "1999.05.22"]
[EventType "swiss"]
[EventRounds "6"]
[EventCountry "CAN"]

1. e4 c5 2. c3 e6 3. d4 d5 4. Bd3 dxe4 5. Bxe4 Nf6 6. Bc2 cxd4 7. cxd4 Nc6 8. Nf3 Be7 9. O-O O-O 10. Nc3 Nb4 11. Bb3 b6 12. a3 Nbd5 13. Re1 Bb7 14. Bg5 Nxc3 15. bxc3 Nd5 16. Bxe7 Qxe7 17. Qd3 Nf4 18. Qe3 Qf6 19. Bc2 Rac8 20. Rac1 Nh3+ 21. Kf1 Bxf3 22. Qxf3 Qxf3 23. gxf3 Nf4 24. c4 g6 25. Bb1 Rfd8 26. Red1 Rc7 27. Ba2 Rcd7 28. d5 exd5 29. Rd4 g5 30. Rcd1 Rd6 31. R1d2 Rh6 32. Kg1 Re8 33. Rxf4 Re1+ 34. Kg2 gxf4 35. cxd5 Rg6+ 36. Kh3 0-1

[Event "Manitoba op"]
[Site "Winnipeg CAN"]
[Date "1999.05.22"]
[Round "2"]
[White "Sadov, Sergey"]
[Black "Baragar, Fletcher"]
[Result "1-0"]
[WhiteElo "1999"]
[BlackElo "2288"]
[PlyCount "93"]
[GameId "2160767911808974"]
[EventDate "1999.05.22"]
[EventType "swiss"]
[EventRounds "6"]
[EventCountry "CAN"]

1. e4 e6 2. d4 d5 3. exd5 exd5 4. Bd3 Bd6 5. Ne2 Nf6 6. Bg5 O-O 7. Nbc3 c6 8. Qd2 Re8 9. O-O-O b5 10. Rde1 Be6 11. Bf4 b4 12. Na4 Bf8 13. b3 Nbd7 14. Kb1 Qa5 15. Ng3 Nb6 16. Nb2 c5 17. dxc5 Qxc5 18. f3 a5 19. Be3 Qc7 20. Qf2 Nfd7 21. Nf5 a4 22. Nd4 Qb7 23. f4 axb3 24. f5 Qa7 25. fxe6 Qxa2+ 26. Kc1 fxe6 27. Nxb3 Rec8 28. Bxb6 Qxb3 29. Bd4 Rc3 30. Rhf1 Rac8 31. Bxc3 Qxc3 32. Qf7+ Kh8 33. Qxd7 Ra8 34. Rxf8+ Rxf8 35. Qxe6 b3 36. Qe7 Qc8 37. Qe6 Qc3 38. Qe8 Qf6 39. Qh5 g6 40. Qe2 bxc2 41. Qe5 Kg7 42. Qxf6+ Rxf6 43. g4 Rf2 44. h4 Rh2 45. Re7+ Kg8 46. h5 Rh4 47. Be2 1-0

[Event "Manitoba op"]
[Site "Winnipeg CAN"]
[Date "1999.05.23"]
[Round "3"]
[White "Babb, Jeff"]
[Black "Gibbons, Michael"]
[Result "1-0"]
[WhiteElo "2140"]
[BlackElo "2005"]
[PlyCount "53"]
[GameId "2160767911808977"]
[EventDate "1999.05.22"]
[EventType "swiss"]
[EventRounds "6"]
[EventCountry "CAN"]
[SourceTitle "EXT 2002"]
[Source "ChessBase"]
[SourceDate "2001.11.25"]
[SourceVersion "1"]
[SourceVersionDate "2001.11.25"]
[SourceQuality "1"]

1. Nf3 Nf6 2. g3 e6 3. Bg2 d5 4. O-O Nbd7 5. d3 Bd6 6. Nbd2 O-O 7. e4 c6 8. Re1 Qc7 9. a3 Re8 10. b4 e5 11. exd5 cxd5 12. c4 e4 13. dxe4 dxe4 14. Nd4 e3 15. Rxe3 Rxe3 16. fxe3 Be5 17. Bb2 a5 18. c5 axb4 19. axb4 Rxa1 20. Bxa1 h5 21. Nb5 Qb8 22. Nf3 Ng4 23. Nxe5 Ndxe5 24. Qd8+ Kh7 25. Nd6 Nxe3 26. Bxe5 Nxg2 27. Qxc8 1-0

[Event "Manitoba op"]
[Site "Winnipeg CAN"]
[Date "1999.05.23"]
[Round "3"]
[White "Gentes, Kevin"]
[Black "Kaptsan, Aron"]
[Result "1/2-1/2"]
[WhiteElo "2325"]
[BlackElo "2170"]
[PlyCount "90"]
[GameId "2160767911808978"]
[EventDate "1999.05.22"]
[EventType "swiss"]
[EventRounds "6"]
[EventCountry "CAN"]
[SourceTitle "EXT 2002"]
[Source "ChessBase"]
[SourceDate "2001.11.25"]
[SourceVersion "1"]
[SourceVersionDate "2001.11.25"]
[SourceQuality "1"]

1. g3 d5 2. Bg2 g6 3. c4 dxc4 4. Qa4+ Nd7 5. Nf3 Bg7 6. O-O Ngf6 7. Qxc4 O-O 8. Nc3 Nb6 9. Qh4 c6 10. d4 Nbd5 11. e4 Nxc3 12. bxc3 Qa5 13. e5 Nd5 14. c4 Nb6 15. c5 Nd5 16. Bh6 f6 17. exf6 exf6 18. Rfe1 Bf5 19. Bxg7 Kxg7 20. g4 Bd7 21. g5 Rae8 22. Qh6+ Kg8 23. Rxe8 Rxe8 24. gxf6 Nxf6 25. Qf4 Qd8 26. Rb1 Nd5 27. Qd2 Bc8 28. Ne5 Qh4 29. Bxd5+ cxd5 30. Rb3 Rf8 31. Rg3 Qf4 32. Qe3 Qxe3 33. fxe3 Rf6 34. Rf3 Bf5 35. Rf2 Ra6 36. Rb2 Bc8 37. c6 b6 38. Kf2 Kf8 39. Kf3 Ke7 40. Kf4 Ra3 41. h4 Kf6 42. Rc2 h6 43. c7 g5+ 44. hxg5+ hxg5+ 45. Kf3 Ke7 1/2-1/2

[Event "Manitoba op"]
[Site "Winnipeg CAN"]
[Date "1999.05.23"]
[Round "3"]
[White "Lukic, Luka"]
[Black "Gannon, Keith"]
[Result "0-1"]
[WhiteElo "1962"]
[BlackElo "1648"]
[PlyCount "166"]
[GameId "2160767911808979"]
[EventDate "1999.05.22"]
[EventType "swiss"]
[EventRounds "6"]
[EventCountry "CAN"]

1. e4 e5 2. Nf3 Nc6 3. Bb5 Nf6 4. Qe2 d6 5. d4 exd4 6. Bxc6+ bxc6 7. Nxd4 Bd7 8. O-O Be7 9. f4 O-O 10. c4 c5 11. Nc2 Re8 12. Qd3 Bc6 13. Nc3 Bf8 14. Re1 a6 15. b3 Bb7 16. Bb2 c6 17. Rad1 Qc7 18. Nb1 Nd7 19. Ne3 d5 20. e5 Rad8 21. Nf5 dxc4 22. bxc4 Nb6 23. Qg3 Rxd1 24. Rxd1 Nxc4 25. Ba1 Re6 26. Qc3 Nb6 27. Nd6 Nd5 28. Qb2 Bc8 29. Qf2 Bxd6 30. exd6 Qxd6 31. Be5 Qf8 32. Nd2 f6 33. Ba1 Qe7 34. Nf1 Ne3 35. Nxe3 Rxe3 36. Qd2 Kf7 37. Kf2 Re4 38. h3 h6 39. g4 Qc7 40. Kf3 Re7 41. Qc3 Be6 42. h4 Bd5+ 43. Kg3 Bxa2 44. g5 hxg5 45. hxg5 Rd7 46. Rxd7+ Qxd7 47. Qc2 Qd5 48. g6+ Ke7 49. Qe2+ Qe6 50. Qf2 Qb3+ 51. Kh2 Qc4 52. Qe3+ Kf8 53. Bc3 Bb1 54. Be1 Bxg6 55. Bf2 a5 56. Qd2 Qd5 57. Qxa5 Kg8 58. Bxc5 Kh7 59. Qb6 Qd2+ 60. Kg3 Qd3+ 61. Be3 Qd5 62. Qb2 Qh1 63. Qh2+ Qxh2+ 64. Kxh2 Bf5 65. Bc5 g5 66. Kg3 Kg6 67. Bd4 Be4 68. fxg5 Kxg5 69. Bc5 Kf5 70. Bb4 Ke6 71. Kf4 Kd5 72. Be7 f5 73. Ke3 c5 74. Bg5 Kc4 75. Kd2 Kb3 76. Kc1 c4 77. Bf4 c3 78. Bh6 c2 79. Bf8 Kc3 80. Bc5 f4 81. Bf2 Kd3 82. Be1 f3 83. Bh4 Ke2 0-1

[Event "Manitoba op"]
[Site "Winnipeg CAN"]
[Date "1999.05.23"]
[Round "3"]
[White "Medes, Bartek"]
[Black "Lipnowski, Samuel"]
[Result "0-1"]
[WhiteElo "1500"]
[BlackElo "1934"]
[PlyCount "84"]
[GameId "2160767911808980"]
[EventDate "1999.05.22"]
[EventType "swiss"]
[EventRounds "6"]
[EventCountry "CAN"]

1. d4 Nf6 2. c4 g6 3. Nc3 d5 4. cxd5 Nxd5 5. e4 Nxc3 6. bxc3 Bg7 7. Bc4 c5 8. Ne2 O-O 9. O-O cxd4 10. cxd4 Nc6 11. Be3 Bg4 12. f3 Bd7 13. Rb1 b6 14. Qd2 Na5 15. Bd3 a6 16. Bh6 b5 17. Bxg7 Kxg7 18. Rfc1 Nc6 19. Kh1 Kg8 20. Qe3 Qb6 21. Rc5 Rac8 22. Qd2 Nxd4 23. Rxc8 Bxc8 24. Nf4 Bb7 25. Qb4 Nc6 26. Qb2 Qd4 27. Qxd4 Nxd4 28. a4 Bc6 29. axb5 axb5 30. Nd5 Bxd5 31. exd5 Rb8 32. Kg1 Kg7 33. Kf2 Kf6 34. Ke3 Nf5+ 35. Bxf5 Kxf5 36. Kd4 b4 37. Kc5 b3 38. Kc6 b2 39. Kd7 Kf6 40. d6 exd6 41. Kxd6 Rd8+ 42. Kc5 Rd2 0-1

[Event "Manitoba op"]
[Site "Winnipeg CAN"]
[Date "1999.05.23"]
[Round "3"]
[White "Nikouline, Alexandre"]
[Black "Lipnowski, Irwin"]
[Result "0-1"]
[WhiteElo "2107"]
[BlackElo "2336"]
[PlyCount "84"]
[GameId "2160767911808981"]
[EventDate "1999.05.22"]
[EventType "swiss"]
[EventRounds "6"]
[EventCountry "CAN"]

1. e4 c5 2. Nf3 e6 3. d4 cxd4 4. Nxd4 a6 5. Nc3 Qc7 6. Be3 Bb4 7. Qd2 Nf6 8. f3 d5 9. exd5 Nxd5 10. Nde2 Nxe3 11. Qxe3 O-O 12. O-O-O b5 13. Ne4 Bb7 14. Qb3 Be7 15. g3 Rc8 16. Nd4 Bd5 17. Qc3 Qb7 18. Qe3 Nc6 19. Nxc6 Qxc6 20. Bd3 b4 21. Kd2 f5 22. Rhf1 fxe4 23. fxe4 Bc4 24. Qf3 Rf8 25. Qg4 Rxf1 26. Rxf1 Rf8 27. Rxf8+ Bxf8 28. Qe2 Bxd3 29. Qxd3 Be7 30. c4 bxc3+ 31. bxc3 Qa4 32. Qc2 Qxc2+ 33. Kxc2 Kf7 34. c4 Kf6 35. Kd3 Bc5 36. Kc3 Ke5 37. Kd3 Bg1 38. h3 Bf2 39. g4 Bd4 40. Kc2 Kxe4 41. Kb3 Bc5 42. Ka4 Kd3 0-1

[Event "Manitoba op"]
[Site "Winnipeg CAN"]
[Date "1999.05.23"]
[Round "3"]
[White "Schulz, Waldemar"]
[Black "Sadov, Sergey"]
[Result "1/2-1/2"]
[WhiteElo "2068"]
[BlackElo "1999"]
[PlyCount "57"]
[GameId "2160767911808983"]
[EventDate "1999.05.22"]
[EventType "swiss"]
[EventRounds "6"]
[EventCountry "CAN"]

1. Nf3 d5 2. d4 c6 3. c4 e6 4. Nc3 Nf6 5. Bg5 Nbd7 6. e3 Qa5 7. Nd2 Bb4 8. Qc2 dxc4 9. Bxf6 Nxf6 10. Nxc4 Qh5 11. Be2 Qg6 12. Qxg6 hxg6 13. Bf3 g5 14. Ne5 Nd5 15. Rc1 Bd6 16. a3 Bxe5 17. dxe5 Nxc3 18. Rxc3 Ke7 19. Rb3 Bd7 20. Kd2 b6 21. Rc3 Rad8 22. h3 c5 23. Kc2 Bb5 24. Rd1 c4 25. b3 Rxd1 26. Bxd1 Rd8 27. Bf3 cxb3+ 28. Kxb3 Rd7 29. Be4 1/2-1/2

[Event "Manitoba op"]
[Site "Winnipeg CAN"]
[Date "1999.05.23"]
[Round "4"]
[White "De la Rosa, Jeff"]
[Black "Walker, Erin"]
[Result "0-1"]
[WhiteElo "1408"]
[BlackElo "1748"]
[PlyCount "90"]
[GameId "2160767911808984"]
[EventDate "1999.05.22"]
[EventType "swiss"]
[EventRounds "6"]
[EventCountry "CAN"]

1. e4 e5 2. Bc4 Nf6 3. Nc3 Bc5 4. Nh3 d6 5. Ng5 O-O 6. O-O h6 7. Nf3 Nc6 8. d3 Bg4 9. h3 Bh5 10. Qe1 Bxf3 11. gxf3 Nd4 12. Qd1 Qd7 13. Kh2 Nh5 14. f4 Nxf4 15. Bxf4 exf4 16. Qh5 Kh8 17. Rg1 f5 18. Rae1 c6 19. e5 dxe5 20. Rxe5 Bd6 21. Ree1 Nxc2 22. Re2 f3+ 23. Kh1 fxe2 24. Qxe2 Nd4 25. Qe3 f4 26. Be6 Qxe6 27. Qxe6 Nxe6 28. Ne4 Be5 29. Rg6 Rfe8 30. Kg2 Rad8 31. Kf3 Rxd3+ 32. Kg4 Nd4 33. Nc5 Rd2 34. Na4 Rxf2 35. Nc5 Rg2+ 36. Kh5 Rxg6 37. Kxg6 f3 38. Nd3 Rf8 39. Nf2 Ne6 40. Kh5 Bg3 41. Ne4 Be1 42. Kg4 f2 43. Nxf2 Bxf2 44. a4 g6 45. a5 h5# 0-1

[Event "Manitoba op"]
[Site "Winnipeg CAN"]
[Date "1999.05.23"]
[Round "4"]
[White "Gibbons, Michael"]
[Black "Repa, Jason"]
[Result "1/2-1/2"]
[WhiteElo "2081"]
[BlackElo "1925"]
[PlyCount "77"]
[GameId "2160767911808985"]
[EventDate "1999.05.22"]
[EventType "swiss"]
[EventRounds "6"]
[EventCountry "CAN"]

1. e4 e6 2. d3 d5 3. Nd2 Nf6 4. Ngf3 b6 5. g3 dxe4 6. dxe4 Bc5 7. Bg2 Bb7 8. e5 Ne4 9. O-O Nxd2 10. Bxd2 O-O 11. Qe2 Na6 12. Rad1 Qe8 13. Ng5 Bxg2 14. Kxg2 b5 15. Qe4 g6 16. Qh4 h5 17. Ne4 Be7 18. Nf6+ Bxf6 19. exf6 Nc5 20. Bb4 Kh7 21. Qd4 Qc6+ 22. Kg1 Ne4 23. h4 Nd6 24. Qf4 Rad8 25. Rd2 Rd7 26. Rfd1 Rfd8 27. Qd4 Nc4 28. Qxd7 Rxd7 29. Rxd7 Ne5 30. Re7 g5 31. Bc3 Nf3+ 32. Kf1 Kg6 33. Rdd7 Qe4 34. Rxf7 Kf5 35. hxg5 Nh2+ 36. Kg1 Nf3+ 37. Kf1 Nh2+ 38. Kg1 Nf3+ 39. Kf1 1/2-1/2

[Event "Manitoba op"]
[Site "Winnipeg CAN"]
[Date "1999.05.23"]
[Round "4"]
[White "Kaptsan, Aron"]
[Black "Rasmussen, Barry"]
[Result "1-0"]
[WhiteElo "2170"]
[BlackElo "2240"]
[PlyCount "37"]
[GameId "2160767911808986"]
[EventDate "1999.05.22"]
[EventType "swiss"]
[EventRounds "6"]
[EventCountry "CAN"]
[SourceTitle "EXT 2002"]
[Source "ChessBase"]
[SourceDate "2001.11.25"]
[SourceVersion "1"]
[SourceVersionDate "2001.11.25"]
[SourceQuality "1"]

1. d4 c5 2. e3 Nf6 3. Nf3 g6 4. Be2 Bg7 5. O-O cxd4 6. exd4 O-O 7. c3 d5 8. Bd3 Nc6 9. Re1 Re8 10. Nbd2 Nh5 11. Nf1 Qd6 12. Ng3 Nxg3 13. hxg3 Bg4 14. Be3 Rac8 15. Qa4 Bd7 16. Bf4 Qf6 17. Qb3 Nd8 18. Qxd5 h6 19. Qxd7 1-0

[Event "Manitoba op"]
[Site "Winnipeg CAN"]
[Date "1999.05.23"]
[Round "4"]
[White "Khedkar, Jay"]
[Black "Nikouline, Alexandre"]
[Result "1/2-1/2"]
[WhiteElo "1931"]
[BlackElo "2107"]
[PlyCount "52"]
[GameId "2160767911808987"]
[EventDate "1999.05.22"]
[EventType "swiss"]
[EventRounds "6"]
[EventCountry "CAN"]

1. d4 e6 2. Nf3 Nf6 3. c4 b6 4. g3 Ba6 5. b3 d5 6. Bg2 dxc4 7. Ne5 Bb4+ 8. Kf1 c6 9. Nxc6 Nxc6 10. Bxc6+ Ke7 11. Bxa8 Qxa8 12. f3 c3 13. Kg2 Rc8 14. Ba3 Nd5 15. Bxb4+ Nxb4 16. Na3 Qd5 17. e4 Qd6 18. Nc2 Nd3 19. a3 Nb2 20. Qc1 Bd3 21. Ra2 Bxc2 22. Qxc2 Qxd4 23. Rxb2 cxb2 24. Qxc8 Qd2+ 25. Kh3 Qh6+ 26. Kg4 Qg6+ 1/2-1/2

[Event "Manitoba op"]
[Site "Winnipeg CAN"]
[Date "1999.05.23"]
[Round "4"]
[White "Lauritson, Jim"]
[Black "Hassain, Mahmud"]
[Result "1/2-1/2"]
[WhiteElo "2028"]
[BlackElo "1922"]
[PlyCount "110"]
[GameId "2160767911808989"]
[EventDate "1999.05.22"]
[EventType "swiss"]
[EventRounds "6"]
[EventCountry "CAN"]

1. e4 c5 2. Nf3 d6 3. d4 cxd4 4. Nxd4 Nf6 5. Nc3 g6 6. g3 Bg7 7. Bg2 O-O 8. O-O Nbd7 9. Nd5 Nxd5 10. exd5 Qb6 11. Nb3 a5 12. a4 Nc5 13. Nxc5 Qxc5 14. c3 b5 15. axb5 Qxb5 16. Re1 Re8 17. Qa4 Qxa4 18. Rxa4 Bd7 19. Ra3 a4 20. Be4 Bb5 21. Bc2 e6 22. dxe6 fxe6 23. Re4 d5 24. Rb4 Reb8 25. Bxa4 Bxa4 26. Rbxa4 Rxa4 27. Rxa4 Bxc3 28. bxc3 Rb1 29. Kg2 Rxc1 30. Ra3 Kg7 31. Kf3 Kf6 32. h4 Re1 33. Ra2 h5 34. Rc2 e5 35. Rd2 Ke6 36. Ra2 Rc1 37. Ra6+ Kf5 38. Ra3 Rc2 39. Rb3 g5 40. hxg5 Kxg5 41. Ra3 Kf5 42. Rb3 Rc1 43. Ra3 Rd1 44. Ke2 Rc1 45. Kf3 e4+ 46. Ke2 Rc2+ 47. Ke3 Kg4 48. Rb3 Rc1 49. Kd2 Ra1 50. Ke3 Ra5 51. c4 dxc4 52. Rc3 Rc5 53. Kxe4 Rc8 54. f4 h4 55. gxh4 Re8+ 1/2-1/2

[Event "Manitoba op"]
[Site "Winnipeg CAN"]
[Date "1999.05.23"]
[Round "4"]
[White "Lipnowski, Irwin"]
[Black "Babb, Jeff"]
[Result "1/2-1/2"]
[WhiteElo "2316"]
[BlackElo "2140"]
[PlyCount "49"]
[GameId "2160767911808990"]
[EventDate "1999.05.22"]
[EventType "swiss"]
[EventRounds "6"]
[EventCountry "CAN"]
[SourceTitle "EXT 2002"]
[Source "ChessBase"]
[SourceDate "2001.11.25"]
[SourceVersion "1"]
[SourceVersionDate "2001.11.25"]
[SourceQuality "1"]

1. d4 Nf6 2. Nf3 e6 3. c4 b6 4. Nc3 Bb4 5. Bg5 h6 6. Bh4 g5 7. Bg3 Ne4 8. Qc2 Bxc3+ 9. bxc3 Nxg3 10. hxg3 Bb7 11. e4 d6 12. Bd3 Nd7 13. Qe2 e5 14. Qe3 Qf6 15. O-O O-O-O 16. Nd2 Rdg8 17. f4 gxf4 18. gxf4 Qh4 19. Rf3 exf4 20. Qxf4 Qxf4 21. Rxf4 Rg3 22. Rf3 Rhg8 23. Rxg3 Rxg3 24. Nf3 Rg4 25. Nh2 1/2-1/2

[Event "Manitoba op"]
[Site "Winnipeg CAN"]
[Date "1999.05.23"]
[Round "4"]
[White "Lipnowski, Samuel"]
[Black "Baragar, Fletcher"]
[Result "1-0"]
[WhiteElo "1934"]
[BlackElo "2288"]
[PlyCount "75"]
[GameId "2160767911808991"]
[EventDate "1999.05.22"]
[EventType "swiss"]
[EventRounds "6"]
[EventCountry "CAN"]

1. c4 e5 2. g3 d6 3. Bg2 g6 4. Nc3 Bg7 5. d3 f5 6. e3 Nf6 7. Nge2 O-O 8. O-O a5 9. Rb1 Nc6 10. a3 Be6 11. b4 axb4 12. axb4 Qd7 13. b5 Nd8 14. Bb2 Rb8 15. Qd2 b6 16. Nd5 Bf7 17. Nec3 Ne8 18. Ra1 Ne6 19. Ra7 g5 20. Na4 Qd8 21. Nac3 g4 22. Nb4 Qg5 23. Nc6 Nf6 24. Nxb8 Rxb8 25. Nd5 Ne8 26. Rfa1 h5 27. Nb4 Nd4 28. Bxd4 exd4 29. Re1 h4 30. Nc6 Rc8 31. Qe2 hxg3 32. hxg3 dxe3 33. Qxe3 Qxe3 34. Rxe3 Bf6 35. Nb4 Bd4 36. Re2 Kf8 37. Bb7 Rd8 38. Nc6 1-0

[Event "Manitoba op"]
[Site "Winnipeg CAN"]
[Date "1999.05.23"]
[Round "4"]
[White "Sadov, Sergey"]
[Black "Gentes, Kevin"]
[Result "1/2-1/2"]
[WhiteElo "1999"]
[BlackElo "2371"]
[PlyCount "115"]
[GameId "2160767911808992"]
[EventDate "1999.05.22"]
[EventType "swiss"]
[EventRounds "6"]
[EventCountry "CAN"]

1. e4 c5 2. Nf3 d6 3. Nc3 Nf6 4. d4 cxd4 5. Qxd4 Nc6 6. Bb5 Bd7 7. Bxc6 Bxc6 8. Bg5 h6 9. Bxf6 gxf6 10. Nh4 e6 11. O-O-O Be7 12. g3 Qa5 13. Rhe1 Qc5 14. Nd5 Qxd4 15. Rxd4 Bd8 16. Rd2 b5 17. Nf4 Kd7 18. a3 Kc7 19. Nd3 a5 20. Kb1 Be7 21. f4 d5 22. exd5 Bxd5 23. f5 Bd6 24. Nf4 Bxf4 25. gxf4 Rhd8 26. Kc1 Bc4 27. Rf2 b4 28. a4 Rg8 29. fxe6 fxe6 30. Nf3 Rad8 31. b3 Bd5 32. Nd4 Rde8 33. Kb2 Kd6 34. Rfe2 Rg4 35. Rf2 Reg8 36. Rd2 Rg2 37. Rd3 Re8 38. Nf5+ Kc6 39. Nd4+ Kd6 40. Nf5+ Kc5 41. Nxh6 Rxh2 42. Ng4 Rhh8 43. Nxf6 Rd8 44. Re5 Rhf8 45. Ne4+ Kc6 46. Ng5 Rd6 47. Rd4 Rf5 48. Re2 Kc5 49. Red2 Rc6 50. Nh3 Rc8 51. Nf2 Rg8 52. c3 bxc3+ 53. Kxc3 Rb8 54. Nd3+ Kd6 55. b4 Rc8+ 56. Kb2 axb4 57. Nxb4 Rff8 58. Nxd5 1/2-1/2

[Event "Manitoba op"]
[Site "Winnipeg CAN"]
[Date "1999.05.24"]
[Round "5"]
[White "Babb, Jeff"]
[Black "Gentes, Kevin"]
[Result "1/2-1/2"]
[WhiteElo "2140"]
[BlackElo "2325"]
[PlyCount "79"]
[GameId "2160767911808993"]
[EventDate "1999.05.22"]
[EventType "swiss"]
[EventRounds "6"]
[EventCountry "CAN"]
[SourceTitle "EXT 2002"]
[Source "ChessBase"]
[SourceDate "2001.11.25"]
[SourceVersion "1"]
[SourceVersionDate "2001.11.25"]
[SourceQuality "1"]

1. Nf3 Nf6 2. g3 b5 3. Bg2 Bb7 4. O-O e6 5. a4 a6 6. axb5 axb5 7. Rxa8 Bxa8 8. d3 c5 9. e4 d6 10. Na3 b4 11. Nc4 Be7 12. e5 dxe5 13. Nfxe5 Bxg2 14. Kxg2 O-O 15. f4 Nd5 16. Qe2 g6 17. Bd2 Qc8 18. Ra1 Nc6 19. Nxc6 Qxc6 20. Qf3 Ra8 21. Rxa8+ Qxa8 22. Ne3 Nxe3+ 23. Bxe3 Qa1 24. Qf2 Qxb2 25. Kf3 Qa2 26. Kg2 h5 27. h4 Kg7 28. Kh3 Qd5 29. Kh2 Kf8 30. Qg1 Kg7 31. Qf2 Bd6 32. Qg1 Kf6 33. Qa1+ Kf5 34. Qf1 Qa2 35. Qf2 c4 36. dxc4 Qxc4 37. Qd2 Be7 38. Qf2 Qe4 39. Qd2 Kg4 40. Bf2 1/2-1/2

[Event "Manitoba op"]
[Site "Winnipeg CAN"]
[Date "1999.05.24"]
[Round "5"]
[White "Hassain, Mahmud"]
[Black "Gibbons, Michael"]
[Result "0-1"]
[WhiteElo "1922"]
[BlackElo "2061"]
[PlyCount "102"]
[GameId "2160767911808995"]
[EventDate "1999.05.22"]
[EventType "swiss"]
[EventRounds "6"]
[EventCountry "CAN"]

1. d4 Nf6 2. c4 e6 3. Nc3 Bb4 4. Qc2 c5 5. e3 O-O 6. Bd3 Nc6 7. Nge2 d5 8. cxd5 Bxc3+ 9. bxc3 exd5 10. Qd1 c4 11. Bc2 Re8 12. h3 Ne7 13. Ng3 Qc7 14. O-O Ng6 15. e4 dxe4 16. Bg5 e3 17. Bxf6 gxf6 18. Qf3 Qf4 19. fxe3 Qxe3+ 20. Kh2 Re6 21. Be4 Qxf3 22. Rxf3 Nh4 23. Rf4 Ng6 24. Rf2 f5 25. Bd5 Re3 26. Rf3 Rxf3 27. Bxf3 Rb8 28. Rf1 Be6 29. Bd1 Ne7 30. Bc2 Nd5 31. Rf3 Re8 32. Bxf5 Bxf5 33. Nxf5 Re2 34. Nh6+ Kg7 35. Nxf7 Rxa2 36. Nd6 Rc2 37. Rf5 Nxc3 38. Rc5 Ne2 39. Rc7+ Kg6 40. Rxb7 Nxd4 41. Rxa7 Nf3+ 42. Kg3 Ne1 43. Kf4 Nxg2+ 44. Ke4 c3 45. Rc7 Ne1 46. Ke3 Ng2+ 47. Kf3 Ne1+ 48. Ke3 Rc1 49. Rc4 h5 50. Ne4 c2 51. Nf2 Rd1 0-1

[Event "Manitoba op"]
[Site "Winnipeg CAN"]
[Date "1999.05.24"]
[Round "5"]
[White "Kaptsan, Aron"]
[Black "Lipnowski, Irwin"]
[Result "0-1"]
[WhiteElo "2170"]
[BlackElo "2316"]
[PlyCount "94"]
[GameId "2160767911808996"]
[EventDate "1999.05.22"]
[EventType "swiss"]
[EventRounds "6"]
[EventCountry "CAN"]
[SourceTitle "EXT 2002"]
[Source "ChessBase"]
[SourceDate "2001.11.25"]
[SourceVersion "1"]
[SourceVersionDate "2001.11.25"]
[SourceQuality "1"]

1. d4 Nf6 2. c4 e6 3. Nc3 Bb4 4. e3 c5 5. Bd3 Nc6 6. Nge2 d5 7. cxd5 Nxd5 8. O-O cxd4 9. exd4 O-O 10. Ne4 Be7 11. a3 b6 12. Bd2 Bb7 13. Rc1 Rc8 14. Qa4 Nf6 15. Rfd1 Qd7 16. Be3 Rfd8 17. Ng5 h6 18. Nf3 Ne5 19. Qxd7 Nxf3+ 20. gxf3 Nxd7 21. Be4 Ba6 22. Rxc8 Rxc8 23. Rc1 Rxc1+ 24. Nxc1 Bc4 25. Bd3 Bxd3 26. Nxd3 Nf6 27. Ne5 Bd6 28. Nc4 Bc7 29. a4 Nd5 30. h3 Kf8 31. Kf1 Ke7 32. Nd2 Kd7 33. Ke2 Kc6 34. Kd3 a6 35. Ne4 b5 36. b3 Bd6 37. Nc3 Nxc3 38. Kxc3 Kd5 39. axb5 axb5 40. Kd3 Bc7 41. Bd2 Bb6 42. Bc3 g5 43. Bb2 b4 44. Ba1 h5 45. Bb2 f6 46. Ba1 h4 47. Bb2 Ba7 0-1

[Event "Manitoba op"]
[Site "Winnipeg CAN"]
[Date "1999.05.24"]
[Round "5"]
[White "Lukic, Luka"]
[Black "De la Rosa, Jeff"]
[Result "1-0"]
[WhiteElo "1962"]
[BlackElo "1408"]
[PlyCount "123"]
[GameId "2160767911808997"]
[EventDate "1999.05.22"]
[EventType "swiss"]
[EventRounds "6"]
[EventCountry "CAN"]

1. e4 e5 2. Nf3 Nc6 3. Bc4 Nf6 4. d3 Bc5 5. O-O O-O 6. a3 d6 7. Kh1 Ng4 8. Qe1 Nd4 9. Nxd4 Bxd4 10. f3 Nf6 11. c3 Bc5 12. Bg5 h6 13. Bh4 Qd7 14. Bxf6 gxf6 15. Qh4 Kg7 16. h3 Rh8 17. f4 Qe7 18. Rf3 Kf8 19. fxe5 dxe5 20. Qxf6 Qxf6 21. Rxf6 Rh7 22. Rf3 a6 23. Nd2 b5 24. Bd5 Ra7 25. Raf1 c6 26. Bxc6 Bb7 27. Bxb7 Rxb7 28. Nb3 Bd6 29. d4 Re7 30. d5 Ra7 31. Na5 Bc7 32. Nc6 Rb7 33. Rf5 Bd6 34. Nxe5 Bxe5 35. Rxe5 a5 36. d6 Rd7 37. Rd1 f6 38. Rxb5 Rd8 39. c4 Ra7 40. c5 Ra6 41. Rb6 Raa8 42. c6 Rac8 43. b4 axb4 44. axb4 Kg7 45. Rd3 Kg6 46. Rg3+ Kf7 47. d7 Rc7 48. b5 Ke6 49. Rd3 Ke5 50. Rb7 Rxb7 51. cxb7 Kxe4 52. b8=Q Rxb8 53. d8=Q Rxd8 54. Rxd8 f5 55. b6 f4 56. b7 f3 57. b8=Q f2 58. Qb4+ Ke5 59. Qe7+ Kf5 60. Rf8+ Kg6 61. Qe6+ Kg5 62. Qg4# 1-0

[Event "Manitoba op"]
[Site "Winnipeg CAN"]
[Date "1999.05.24"]
[Round "5"]
[White "Nikouline, Alexandre"]
[Black "Shpan, Mike"]
[Result "1-0"]
[WhiteElo "2107"]
[BlackElo "1744"]
[PlyCount "49"]
[GameId "2160767911808998"]
[EventDate "1999.05.22"]
[EventType "swiss"]
[EventRounds "6"]
[EventCountry "CAN"]

1. e4 Nc6 2. Nf3 e5 3. Bb5 d6 4. d4 Bd7 5. d5 Nb8 6. a4 c6 7. dxc6 bxc6 8. Be2 Nf6 9. Nc3 Bg4 10. O-O h6 11. Nd2 Bxe2 12. Qxe2 Qc8 13. Nc4 Qe6 14. Rd1 Nbd7 15. Qd3 Nc5 16. Nxd6+ Kd7 17. Qe3 Bxd6 18. Qxc5 Kc7 19. Nb5+ Kb8 20. Nxd6 Nd7 21. Qxc6 Nc5 22. Qxc5 Rh7 23. Qb5+ Kc7 24. Qb7+ Kd8 25. Nf5+ 1-0

[Event "Manitoba op"]
[Site "Winnipeg CAN"]
[Date "1999.05.24"]
[Round "5"]
[White "Rasmussen, Barry"]
[Black "Lipnowski, Samuel"]
[Result "1-0"]
[WhiteElo "2269"]
[BlackElo "1934"]
[PlyCount "55"]
[GameId "2160767911809000"]
[EventDate "1999.05.22"]
[EventType "swiss"]
[EventRounds "6"]
[EventCountry "CAN"]

1. e4 c5 2. Nf3 e6 3. d4 cxd4 4. Nxd4 a6 5. Bd3 Qc7 6. O-O Nf6 7. Qe2 d6 8. c4 Be7 9. Nc3 O-O 10. f4 Nbd7 11. Kh1 Re8 12. Be3 b6 13. Rae1 Bb7 14. Bg1 Nc5 15. Bc2 Bc8 16. e5 Nfd7 17. b4 Nb7 18. Nxe6 fxe6 19. Qh5 g6 20. Bxg6 hxg6 21. Qxg6+ Kf8 22. f5 Bh4 23. fxe6+ Nf6 24. exf6 Bxe6 25. Qh6+ Kg8 26. Qxh4 Qxc4 27. Qg5+ Kh8 28. Qg7# 1-0

[Event "Manitoba op"]
[Site "Winnipeg CAN"]
[Date "1999.05.24"]
[Round "5"]
[White "Repa, Jason"]
[Black "Lauritson, Jim"]
[Result "0-1"]
[WhiteElo "1925"]
[BlackElo "2028"]
[PlyCount "62"]
[GameId "2160767911809001"]
[EventDate "1999.05.22"]
[EventType "swiss"]
[EventRounds "6"]
[EventCountry "CAN"]

1. f4 d5 2. b3 c5 3. e3 Nf6 4. Nf3 a6 5. Bb2 Nc6 6. a4 b6 7. Be2 e6 8. O-O Be7 9. Ne5 Bb7 10. d3 O-O 11. Nd2 Qc7 12. Ndf3 Nd7 13. Nxd7 Qxd7 14. Ne5 Qc7 15. Qe1 f6 16. Nxc6 Bxc6 17. d4 Bd6 18. Qh4 Bb7 19. c3 e5 20. f5 exd4 21. cxd4 Rae8 22. Rf3 Re4 23. Qh3 c4 24. Rc1 b5 25. Bd1 Qa5 26. Bc3 Bb4 27. Bxb4 Qxb4 28. Bc2 Qd2 29. Bxe4 Qxc1+ 30. Rf1 Qb2 31. Bb1 c3 0-1